000 01987cam a2200409 a 4500
001 ocn540108962
003 TZ-ArACH
005 2013031302582.0
008 100824s2010 enk 001 0 eng
010 _a 2010483626
015 _aGBB032999
_2bnb
016 7 _a015499272
_2Uk
020 _a9780199564040
020 _a0199564043
035 _a(OCoLC)540108962
_z(OCoLC)646238961
040 _aDLC
_beng
_cTZ-ArACH
_dUKM
_dYDXCP
_dBWK
_dCDX
_dC#P
_dEQO
_dBWX
_dLGG
_dLANGC
_dMIX
041 _aEng
049 _aTZAA
050 0 0 _aK3238
_b.B37
082 0 4 _a341.4/8
_222
245 0 0 _aBrownlie's documents on human rights /
_cedited by Ian Brownlie and Guy S. Goodwin-Gill.
250 _a6th ed.
260 _aOxford ;
_aNew York :
_bOxford University Press,
_c2010.
300 _axxvii, 1261 p. ;
_c25 cm.
500 _aIncludes index.
500 _aRev. ed. of: Basic documents on human rights. 5th ed. 2006.
504 _aIncludes bibliographical references and index.
505 2 _aStandard-setting by the United Nations organization -- Implementation and standard-setting in conventions sponsored by the United Nations -- Contribution of the International Labour Organization -- Contribution of the United Nations Educational, Scientific, and Cultural Organization -- Europe -- Americas -- Africa -- Arab and other Islamic states -- Asia -- The concept of equality.
650 0 _aHuman rights
_xHistory
_vSources.
_98379
700 1 _aBrownlie, Ian.
_98380
700 1 _aGoodwin-Gill, Guy S.
_98381
700 1 _aBrownlie, Ian.
_tBasic documents on human rights.
_98382
942 _2lcc
_cBOOK
999 _c2116
_d2116